00495cam a22001691i 450000100100000000500170001000800410002704000250006808200190009310000280011224500540014026000380019430000210023249000280025365000200028165000240030100001829920200929165437.0770331s1964 fr 000 1 fre  aDO-SdBNPbspacBNPHU a843.914bC617c1 aClavel, Bernard,d1923-13aLe cceur des vivants :broman. /cBernard Clavel. aParís :bRobert Laffont,c1964. a336 p. ;c20 cm.1 aLa grande patience ;v3 4aNovela francesa 4aLiteratura francesa